000 00862nam a22002297a 4500
999 _c5484
_d5484
003 AR-CdUCM
008 190312b ||||| |||| 00| 0 spa d
020 _a978-987-1861-22-4
040 _aMUNICIPALIDAD PROVINCIAL DEL CUSCO
_cBIBLIOTECA MUNICIPAL DEL CUSCO
082 _a110 /
_bC389
_28ed.
100 _aCedeño, Rubén
_916470
245 _aPilares de la metafísica :
_bPrimer texto de enseñanza espiritual /
246 _aMentalismo - El cristo - Siete rayos - Rayo violeta
260 _aBuenos Aires :
_bSeñora Porteña,
_c2012.
300 _a284 páginas ;
_bIlustraciones,
_c20 cm.
440 _aSeñora Porteña
_n106
_916471
505 _aContenido: Plataforma de la metafísica -- Dios -- Concepto inmaculado -- Plan divino de perfección ...
650 _aReligión
_91195
650 _aFilosofía
_9395
942 _2ddc
_cLIBROS
945 _acmm